[Event "Astrakhan op"]
[Site "Astrakhan"]
[Date "2013.08.22"]
[Round "9"]
[White "Magrifin, Iljanur"]
[Black "Ibragimov, Timur"]
[Result "1-0"]
[WhiteElo "2085"]
[BlackElo "1819"]
[PlyCount "127"]
[EventDate "2013.08.14"]
[EventType "swiss"]
[EventRounds "9"]
[EventCountry "RUS"]
[SourceTitle "CBM 156 Extra"]
[Source "ChessBase"]
[SourceDate "2013.10.22"]
[SourceVersion "1"]
[SourceVersionDate "2013.10.22"]
[SourceQuality "1"]

1. e4 e5 2. Nf3 Nc6 3. Bb5 a6 4. Ba4 Nf6 5. 0-0 b5 6. Bb3 Be7 7. h3 0-0 8. Re1 d6 9. c3 Na5 10. Bc2 c5 11. d3 Be6 12. Ng5 h6 13. Nxe6 fxe6 14. b4 cxb4 15. cxb4 Nc6 16. a3 Kh8 17. Be3 Qd7 18. Nd2 Nh7 19. Nf3 Bf6 20. Rc1 a5 21. bxa5 Rxa5 22. a4 Nd4 23. Nxd4 exd4 24. Bd2 Ra7 25. a5 Rfa8 26. Bb3 Bd8 27. Qc2 Bxa5 28. Bxa5 Rxa5 29. Qb2 e5 30. Bd5 Rb8 31. Rc6 b4 32. Rec1 Ra7 33. Qc2 Nf6 34. Bb3 Kh7 35. Qc4 h5 36. f4 Qe7 37. f5 h4 38. Bd1 Rab7 39. Rb1 Rd7 40. Qc1 d5 41. Qg5 Rd6 42. Qxh4+ Kg8 43. exd5 Rxc6 44. dxc6 Nd5 45. Qh5 Qd6 46. Ba4 Ra8 47. Bb3 Qxc6 48. f6 gxf6 49. Qg6+ Kf8 50. Qh6+ Ke7 51. Rc1 Nc3 52. Qg7+ Kd8 53. Kh1 Rb8 54. Qf8+ Kc7 55. Qe7+ Kb6 56. Ra1 Ra8 57. Qxb4+ Nb5 58. Rf1 Rh8 59. Kg1 Rh6 60. Rb1 Rg6 61. Qd2 Kc7 62. Ba4 Qc3 63. Qd1 Nd6 64. Rc1 1-0

[Event "Astrakhan op"]
[Site "Astrakhan"]
[Date "2013.08.20"]
[Round "7"]
[White "Magrifin, Iljanur"]
[Black "Muslimov, Evgeny"]
[Result "0-1"]
[WhiteElo "2085"]
[BlackElo "2124"]
[PlyCount "59"]
[EventDate "2013.08.14"]
[EventType "swiss"]
[EventRounds "9"]
[EventCountry "RUS"]
[SourceTitle "CBM 156 Extra"]
[Source "ChessBase"]
[SourceDate "2013.10.22"]
[SourceVersion "1"]
[SourceVersionDate "2013.10.22"]
[SourceQuality "1"]

1. d4 c5 2. d5 e5 3. Nc3 d6 4. f4 exf4 5. Bxf4 Ne7 6. e4 Ng6 7. Bg3 Be7 8. Be2 0-0 9. Nf3 Nd7 10. 0-0 a6 11. a4 Qc7 12. Qd2 Bf6 13. Rfe1 Nde5 14. a5 Bd7 15. Bf1 Rfe8 16. Kh1 Re7 17. Ra3 Rae8 18. Rb3 Qxa5 19. Rxb7 Nxf3 20. gxf3 Bg4 21. Rxe7 Bxf3+ 22. Kg1 Rxe7 23. Qd3 Bd4+ 24. Bf2 Ne5 25. Qxa6 Qd8 26. Bxd4 cxd4 27. Nb5 Re8 28. Qa1 Qg5+ 29. Kf2 Qh4+ 30. Kg1 0-1

[Event "Astrakhan op"]
[Site "Astrakhan"]
[Date "2013.08.18"]
[Round "5"]
[White "Magrifin, Iljanur"]
[Black "Mesnyankin, Nikita"]
[Result "1-0"]
[WhiteElo "2085"]
[BlackElo "1857"]
[PlyCount "119"]
[EventDate "2013.08.14"]
[EventType "swiss"]
[EventRounds "9"]
[EventCountry "RUS"]
[SourceTitle "CBM 156 Extra"]
[Source "ChessBase"]
[SourceDate "2013.10.22"]
[SourceVersion "1"]
[SourceVersionDate "2013.10.22"]
[SourceQuality "1"]

1. d4 Nf6 2. c4 e6 3. Nf3 d5 4. Nc3 Nbd7 5. Bf4 c6 6. e3 Bb4 7. Qc2 Ne4 8. Bd3 Qa5 9. Bxe4 dxe4 10. Nd2 g5 11. Bg3 f5 12. h4 g4 13. 0-0 Be7 14. d5 e5 15. Rad1 0-0 16. Ndxe4 fxe4 17. Qxe4 Bf6 18. dxc6 Nc5 19. cxb7 Bxb7 20. Qxg4+ Kh8 21. Nd5 Qa6 22. b4 Na4 23. Qh5 Bxd5 24. Rxd5 Qxc4 25. Bxe5 Qe4 26. Rc1 Rae8 27. Rc4 Qxe5 28. Rxe5 Bxe5 29. g3 Nb6 30. Rc6 Nd7 31. Qd1 Re7 32. Qc2 Nb8 33. Rc4 Bd6 34. a4 Rff7 35. Rd4 Be5 36. Qc8+ Kg7 37. Qg4+ Kf8 38. Rd8+ Re8 39. Rxe8+ Kxe8 40. f4 Nd7 41. Qe6+ Re7 42. Qg8+ Nf8 43. fxe5 Rxe5 44. Kf2 Re4 45. Qd5 Rxb4 46. Qa8+ Ke7 47. Qxa7+ Nd7 48. a5 Kd6 49. a6 Rb2+ 50. Kf3 Ne5+ 51. Ke4 Rb4+ 52. Kf5 Nd7 53. e4 Rb6 54. e5+ Kc6 55. Qa8+ Kc7 56. a7 Ra6 57. e6 Ra5+ 58. Kf4 Ra4+ 59. Kg5 h6+ 60. Kxh6 1-0

[Event "Astrakhan op"]
[Site "Astrakhan"]
[Date "2013.08.16"]
[Round "3"]
[White "Magrifin, Iljanur"]
[Black "Stenyakin, Viktor"]
[Result "1-0"]
[WhiteElo "2085"]
[BlackElo "1788"]
[PlyCount "63"]
[EventDate "2013.08.14"]
[EventType "swiss"]
[EventRounds "9"]
[EventCountry "RUS"]
[SourceTitle "CBM 156 Extra"]
[Source "ChessBase"]
[SourceDate "2013.10.22"]
[SourceVersion "1"]
[SourceVersionDate "2013.10.22"]
[SourceQuality "1"]

1. e4 e5 2. Nf3 Nc6 3. Bb5 a6 4. Ba4 Nf6 5. 0-0 d6 6. d3 b5 7. Bb3 Be7 8. c3 Na5 9. Bc2 c5 10. Nbd2 0-0 11. Re1 Nc6 12. Nf1 Bg4 13. Ng3 Re8 14. h3 Bd7 15. Nh2 Bf8 16. Qf3 Ne7 17. Ng4 Nxg4 18. hxg4 Ng6 19. Nf5 Be6 20. g3 d5 21. Kg2 d4 22. Rh1 f6 23. g5 fxg5 24. Qh5 Bxf5 25. Qxh7+ Kf7 26. exf5 Nf4+ 27. gxf4 exf4 28. Qg6+ Kg8 29. Bb3+ c4 30. dxc4 Re5 31. cxb5+ Rd5 32. Qe6# 1-0

[Event "Astrakhan op"]
[Site "Astrakhan"]
[Date "2013.08.14"]
[Round "1"]
[White "Magrifin, Iljanur"]
[Black "Gorovenko, Darya"]
[Result "1/2-1/2"]
[WhiteElo "2085"]
[BlackElo "1787"]
[PlyCount "116"]
[EventDate "2013.08.14"]
[EventType "swiss"]
[EventRounds "9"]
[EventCountry "RUS"]
[SourceTitle "CBM 156 Extra"]
[Source "ChessBase"]
[SourceDate "2013.10.22"]
[SourceVersion "1"]
[SourceVersionDate "2013.10.22"]
[SourceQuality "1"]

1. e4 e5 2. Bc4 Nf6 3. d3 Bc5 4. Nf3 Nc6 5. Nc3 a6 6. 0-0 d6 7. Nd5 h6 8. Be3 Ba7 9. Bxa7 Rxa7 10. c3 Be6 11. Bb3 0-0 12. Qe2 Na5 13. Nxf6+ Qxf6 14. Bxe6 fxe6 15. d4 exd4 16. Nxd4 e5 17. Nf5 Kh7 18. Rad1 Nc6 19. Rd3 Qe6 20. Qg4 Rf7 21. Nxh6 Qxg4 22. Nxg4 Rf4 23. f3 b5 24. Ne3 Ne7 25. Rfd1 Rb7 26. a3 a5 27. Nd5 Nxd5 28. Rxd5 Rf8 29. R1d2 Ra8 30. Kf2 b4 31. axb4 axb4 32. c4 Ra2 33. Ke3 b3 34. Kd3 Ra1 35. Rb5 Rxb5 36. cxb5 Rc1 37. Ke3 Re1+ 38. Kf2 Rb1 39. Kg3 Kg8 40. b6 cxb6 41. Rxd6 Rxb2 42. Rd5 Rc2 43. Rb5 b2 44. Rxb6 Kf7 45. h4 g6 46. Kh3 Rf2 47. Kg3 Rc2 48. f4 exf4+ 49. Kxf4 Rxg2 50. Ke5 Rg4 51. Rb7+ Ke8 52. Rxb2 Rxh4 53. Kd5 g5 54. e5 Rh6 55. e6 Rh1 56. Rb8+ Ke7 57. Rb7+ Ke8 58. Rg7 Rd1+ 1/2-1/2

[Event "Voronezh op-B 17th"]
[Site "Voronezh"]
[Date "2013.06.20"]
[Round "9"]
[White "Magrifin, Iljanur"]
[Black "Polyansky, Viktor"]
[Result "1-0"]
[WhiteElo "2085"]
[BlackElo "1983"]
[PlyCount "55"]
[EventDate "2013.06.12"]
[EventType "swiss"]
[EventRounds "9"]
[EventCountry "RUS"]
[SourceTitle "EXT 2014"]
[Source "ChessBase"]
[SourceDate "2013.11.20"]
[SourceVersion "1"]
[SourceVersionDate "2013.11.20"]
[SourceQuality "1"]

1. d4 Nf6 2. Nf3 g6 3. c4 Bg7 4. Nc3 d5 5. Bf4 c5 6. dxc5 Qa5 7. Bxb8 Rxb8 8. Qa4+ Qxa4 9. Nxa4 Ne4 10. Nd2 Bd7 11. Nxe4 Bxa4 12. Nc3 Bxc3+ 13. bxc3 dxc4 14. Rb1 b5 15. cxb6 Rxb6 16. Rb4 Rxb4 17. cxb4 c3 18. e3 0-0 19. Bd3 Rb8 20. a3 a5 21. bxa5 Rd8 22. Ke2 e5 23. f3 f5 24. Rc1 Rc8 25. a6 Kf7 26. a7 Ra8 27. Rxc3 Rxa7 28. e4 1-0

[Event "Voronezh op-B 17th"]
[Site "Voronezh"]
[Date "2013.06.17"]
[Round "7"]
[White "Magrifin, Iljanur"]
[Black "Sitnikov, S."]
[Result "0-1"]
[WhiteElo "2085"]
[BlackElo "2231"]
[PlyCount "69"]
[EventDate "2013.06.12"]
[EventType "swiss"]
[EventRounds "9"]
[EventCountry "RUS"]
[SourceTitle "EXT 2014"]
[Source "ChessBase"]
[SourceDate "2013.11.20"]
[SourceVersion "1"]
[SourceVersionDate "2013.11.20"]
[SourceQuality "1"]

1. e4 c5 2. Nf3 d6 3. d4 cxd4 4. Nxd4 Nf6 5. Nc3 a6 6. Be2 e5 7. Nf3 h6 8. a4 Be6 9. 0-0 Be7 10. Be3 0-0 11. h3 Nbd7 12. Qd2 Nb6 13. Bxb6 Qxb6 14. Nd5 Bxd5 15. exd5 Ne4 16. Qc1 f5 17. Nd2 Bg5 18. Nc4 Qc5 19. Qd1 Rac8 20. a5 Bh4 21. Kh2 Bxf2 22. Nb6 Bg3+ 23. Kh1 Rc7 24. b4 Qxc2 25. Qxc2 Rxc2 26. Bd1 Rb2 27. Ba4 Bf2 28. Rfb1 Rxb1+ 29. Rxb1 Bxb6 30. axb6 Nc3 31. Ra1 Kh7 32. Bd7 Nxd5 33. Rd1 Nxb6 34. Rxd6 Nxd7 35. Rxd7 0-1

[Event "Voronezh op-B 17th"]
[Site "Voronezh"]
[Date "2013.06.13"]
[Round "2"]
[White "Alkaev, Ruslan"]
[Black "Magrifin, Iljanur"]
[Result "1-0"]
[WhiteElo "1961"]
[BlackElo "2085"]
[PlyCount "114"]
[EventDate "2013.06.12"]
[EventType "swiss"]
[EventRounds "9"]
[EventCountry "RUS"]
[SourceTitle "EXT 2014"]
[Source "ChessBase"]
[SourceDate "2013.11.20"]
[SourceVersion "1"]
[SourceVersionDate "2013.11.20"]
[SourceQuality "1"]

1. e4 c5 2. Nc3 Nc6 3. Bb5 e6 4. Bxc6 dxc6 5. f4 Qh4+ 6. g3 Qd8 7. Nf3 Be7 8. d3 h5 9. Be3 Qb6 10. b3 Bf6 11. e5 Be7 12. Ne4 Nh6 13. Nfd2 Nf5 14. Bf2 Qa5 15. 0-0 b6 16. Nc4 Qa6 17. a4 Qb7 18. a5 Rb8 19. axb6 axb6 20. b4 cxb4 21. Bxb6 Qd7 22. Bf2 g6 23. Ncd6+ Kf8 24. Ra7 Qd8 25. Bc5 Rb5 26. Rxe7 Nxe7 27. Nxb5 cxb5 28. Qb1 Kg7 29. Qxb4 Nf5 30. Bf2 Qd5 31. Qc5 Qa2 32. Nd6 Bd7 33. Qc7 Be8 34. Ne4 Qd5 35. Ra1 h4 36. g4 h3 37. Qc5 Qxc5 38. Bxc5 Nh6 39. Nf2 Bc6 40. Be7 Rc8 41. Bf6+ Kf8 42. Bg5 Ng8 43. c4 bxc4 44. dxc4 Bg2 45. Rc1 Ne7 46. Bxe7+ Kxe7 47. Rc3 Rh8 48. c5 Kd7 49. Nd1 Kc6 50. Kf2 Rd8 51. Ne3 Rd4 52. Kg3 Re4 53. Nc4 Re1 54. Nd6 g5 55. f5 Rf1 56. Ne8 Re1 57. Nd6 Rf1 1-0

[Event "Voronezh op-B 17th"]
[Site "Voronezh"]
[Date "2013.06.12"]
[Round "1"]
[White "Magrifin, Iljanur"]
[Black "Padikov, Denis"]
[Result "1-0"]
[WhiteElo "2085"]
[BlackElo "1769"]
[PlyCount "35"]
[EventDate "2013.06.12"]
[EventType "swiss"]
[EventRounds "9"]
[EventCountry "RUS"]
[SourceTitle "EXT 2014"]
[Source "ChessBase"]
[SourceDate "2013.11.20"]
[SourceVersion "1"]
[SourceVersionDate "2013.11.20"]
[SourceQuality "1"]

1. Nf3 Nf6 2. g3 g6 3. Bg2 Bg7 4. c4 c5 5. Nc3 Nc6 6. d4 0-0 7. d5 Na5 8. Nd2 d6 9. 0-0 Rb8 10. a3 Qb6 11. Rb1 Qa6 12. b4 cxb4 13. axb4 Nxc4 14. b5 Qa5 15. Nxc4 Qxc3 16. Qa4 Bd7 17. Bb2 Qxb2 18. Rxb2 1-0

[Event "Astrakhan op"]
[Site "Astrakhan"]
[Date "2012.08.23"]
[Round "9"]
[White "Magrifin, Iljanur"]
[Black "Alekseeva, Alena"]
[Result "1-0"]
[WhiteElo "2105"]
[BlackElo "1952"]
[PlyCount "47"]
[EventDate "2012.08.15"]
[EventType "swiss"]
[EventRounds "9"]
[EventCountry "RUS"]
[SourceTitle "CBM 150 Extra"]
[Source "ChessBase"]
[SourceDate "2012.10.19"]
[SourceVersion "1"]
[SourceVersionDate "2012.10.19"]
[SourceQuality "1"]

1. e4 c5 2. Nc3 e6 3. Nf3 a6 4. g3 Nc6 5. Bg2 g6 6. d4 cxd4 7. Nxd4 Bg7 8. Be3 Nge7 9. 0-0 0-0 10. Qd2 Qc7 11. Rad1 Nxd4 12. Bxd4 Nc6 13. Bxg7 Kxg7 14. h4 h5 15. Rfe1 f6 16. Ne2 Qb6 17. b3 Ne5 18. Nf4 Ng4 19. c4 Rf7 20. Re2 Rb8 21. Qc2 Qc5 22. Nd3 Qc7 23. Qb2 d6 24. Red2 1-0

[Event "Astrakhan op"]
[Site "Astrakhan"]
[Date "2012.08.20"]
[Round "6"]
[White "Magrifin, Iljanur"]
[Black "Irgaliyev, Alikhan"]
[Result "1-0"]
[WhiteElo "2105"]
[BlackElo "1937"]
[PlyCount "105"]
[EventDate "2012.08.15"]
[EventType "swiss"]
[EventRounds "9"]
[EventCountry "RUS"]
[SourceTitle "CBM 150 Extra"]
[Source "ChessBase"]
[SourceDate "2012.10.19"]
[SourceVersion "1"]
[SourceVersionDate "2012.10.19"]
[SourceQuality "1"]

1. Nf3 c5 2. g3 b6 3. Bg2 Bb7 4. 0-0 Nf6 5. c4 e6 6. Nc3 a6 7. b3 d6 8. Bb2 Qc7 9. Rc1 Nbd7 10. Re1 Rc8 11. e3 Be7 12. d4 cxd4 13. exd4 0-0 14. h3 Rfe8 15. a4 Bf8 16. Qd2 Qb8 17. Re2 Qa8 18. Ne1 d5 19. cxd5 exd5 20. Rxe8 Rxe8 21. Nc2 Bd6 22. Ba3 Qb8 23. Bxd6 Qxd6 24. Ne3 g6 25. Qb2 h5 26. h4 Ne4 27. Nxe4 dxe4 28. Bf1 Nf6 29. Nc4 Qe6 30. Ne5 Ng4 31. Bc4 Bd5 32. Nxg4 hxg4 33. Bxa6 e3 34. Bc4 Bxc4 35. bxc4 f5 36. c5 bxc5 37. dxc5 Qc6 38. Qe2 Qxa4 39. fxe3 Qa3 40. Qc4+ Kf8 41. Qc3 Rxe3 42. Qxa3 Rxa3 43. c6 Ra8 44. Kf2 Ke7 45. c7 Rc8 46. Rc6 Kf7 47. Ke3 Kg7 48. Kf4 Kh6 49. Ke5 Kh5 50. Rc4 Kh6 51. Kd6 g5 52. hxg5+ Kxg5 53. Kd7 1-0

[Event "Astrakhan op"]
[Site "Astrakhan"]
[Date "2012.08.15"]
[Round "1"]
[White "Akopov, Victor"]
[Black "Magrifin, Iljanur"]
[Result "0-1"]
[WhiteElo "1775"]
[BlackElo "2105"]
[PlyCount "104"]
[EventDate "2012.08.15"]
[EventType "swiss"]
[EventRounds "9"]
[EventCountry "RUS"]
[SourceTitle "CBM 150 Extra"]
[Source "ChessBase"]
[SourceDate "2012.10.19"]
[SourceVersion "1"]
[SourceVersionDate "2012.10.19"]
[SourceQuality "1"]

1. Nf3 c5 2. e3 Nc6 3. d4 e6 4. a3 cxd4 5. exd4 Nf6 6. Bd3 d5 7. Bf4 Be7 8. h3 0-0 9. 0-0 Ne4 10. Nbd2 f5 11. c3 Bd7 12. Ne5 Nxe5 13. Bxe5 Qb6 14. Rb1 Bb5 15. Qe2 Bxd3 16. Qxd3 a5 17. f3 Ng5 18. Bf4 Rfe8 19. Bxg5 Bxg5 20. f4 Bf6 21. Nf3 a4 22. Rfe1 Qa6 23. Qxa6 Rxa6 24. Ne5 g5 25. Nd7 Kf7 26. Nxf6 Kxf6 27. fxg5+ Kxg5 28. g3 Rb6 29. Re2 h5 30. h4+ Kf6 31. Rbe1 Rg8 32. Kf2 Rg4 33. Rd1 Re4 34. Rdd2 Rc6 35. Kf3 Rc8 36. Rg2 b5 37. Rde2 Rg8 38. Rh2 Rg6 39. b3 axb3 40. Rb2 f4 41. gxf4 Kf5 42. Rxb3 Rxf4+ 43. Ke3 Rg3+ 44. Ke2 Rxd4 45. Rf2+ Rf4 46. Rxf4+ Kxf4 47. Rb4+ Kf5 48. Kd2 Rg2+ 49. Kd3 Ra2 50. Rxb5 Rxa3 51. Rb4 e5 52. Rb5 d4 0-1

[Event "Izhevsk op-B"]
[Site "Izhevsk"]
[Date "2010.07.17"]
[Round "3"]
[White "Eltsov, Mikhail"]
[Black "Magrifin, Iljanur"]
[Result "0-1"]
[WhiteElo "2063"]
[BlackElo "2171"]
[PlyCount "42"]
[EventDate "2010.07.15"]
[EventType "swiss"]
[EventRounds "9"]
[EventCountry "RUS"]
[SourceTitle "EXT 2011"]
[Source "ChessBase"]
[SourceDate "2010.11.26"]
[SourceVersion "1"]
[SourceVersionDate "2010.11.26"]
[SourceQuality "1"]

1. e4 c5 2. Nf3 Nc6 3. d4 cxd4 4. Nxd4 g6 5. c4 Bg7 6. Be3 Nf6 7. f3 Qb6 8. Nf5 Qxb2 9. Nxg7+ Kf8 10. Nd2 Kxg7 11. a3 b6 12. Be2 Nd4 13. Bxd4 Qxd4 14. Rc1 Bb7 15. Qc2 Rhc8 16. Nb3 Qe3 17. Rd1 d5 18. Rd3 Qg5 19. exd5 Qxg2 20. Rf1 Bxd5 21. Re3 Rxc4 0-1

[Event "Voronezh op-B 14th"]
[Site "Voronezh"]
[Date "2010.06.20"]
[Round "8"]
[White "Magrifin, Iljanur"]
[Black "Vorobev, Kirill"]
[Result "1-0"]
[WhiteElo "2168"]
[BlackElo "2074"]
[PlyCount "75"]
[EventDate "2010.06.12"]
[EventType "swiss"]
[EventRounds "9"]
[EventCountry "RUS"]
[SourceTitle "CBM 137 Extra"]
[Source "ChessBase"]
[SourceDate "2010.09.01"]
[SourceVersion "1"]
[SourceVersionDate "2010.09.01"]
[SourceQuality "1"]

1. e4 e6 2. d4 d5 3. Nc3 Nf6 4. Bg5 Bb4 5. e5 h6 6. Bd2 Bxc3 7. bxc3 Ne4 8. Qg4 Kf8 9. h4 c5 10. Rh3 Nc6 11. Bd3 Nxd2 12. Kxd2 c4 13. Be2 Bd7 14. Rf3 Qe7 15. Nh3 Rg8 16. Rh1 Ke8 17. Nf4 Kd8 18. Nh5 Kc7 19. Rhh3 Qf8 20. Qf4 Be8 21. Rhg3 Ne7 22. Nf6 Nf5 23. Nxg8 Qxg8 24. Rh3 h5 25. g4 hxg4 26. Qxg4 Qf8 27. h5 Qa3 28. Rxf5 exf5 29. Qxg7 Bd7 30. h6 Qf8 31. Qf6 Be6 32. h7 Qh8 33. Qe7+ Kc8 34. Bf3 a5 35. Rg3 Qxh7 36. Qe8+ Kc7 37. Qxa8 Qh6+ 38. Ke2 1-0

[Event "Vladimir op-B"]
[Site "Vladimir"]
[Date "2009.08.27"]
[Round "8"]
[White "Magrifin, Iljanur"]
[Black "Paushkin, Nikita"]
[Result "1/2-1/2"]
[WhiteElo "2187"]
[BlackElo "2102"]
[PlyCount "109"]
[EventDate "2009.08.19"]
[EventType "swiss"]
[EventRounds "9"]
[EventCountry "RUS"]
[SourceTitle "EXT 2012"]
[Source "ChessBase"]
[SourceDate "2011.11.24"]
[SourceVersion "1"]
[SourceVersionDate "2011.11.24"]
[SourceQuality "1"]

1. Nf3 g6 2. e4 c5 3. d4 cxd4 4. Qxd4 Nf6 5. Bb5 Nc6 6. Bxc6 dxc6 7. Qxd8+ Kxd8 8. Nc3 Bg7 9. 0-0 Nd7 10. Bd2 Ne5 11. Nxe5 Bxe5 12. Rfd1 Kc7 13. Na4 f6 14. Bc3 Bd6 15. b3 e5 16. Bd2 Be6 17. Be3 b6 18. c4 Be7 19. Nc3 Bb4 20. Rac1 Rhd8 21. Nd5+ Bxd5 22. cxd5 c5 23. Rc2 Ba3 24. f3 Kd6 25. Bf2 a5 26. Bh4 Rf8 27. Bg3 a4 28. Be1 f5 29. Rb1 fxe4 30. fxe4 b5 31. Bd2 Ra7 32. h3 Raa8 33. Rf1 Rxf1+ 34. Kxf1 axb3 35. axb3 Bb4 36. Bxb4 cxb4 37. Rc6+ Kd7 38. Rb6 Ra3 39. Rxb5 Rxb3 40. Ke2 Kd6 41. Rb6+ Kc7 42. Re6 Rg3 43. Rxe5 b3 44. Kd2 Rxg2+ 45. Kc1 Ra2 46. h4 h6 47. Re6 Kd7 48. e5 h5 49. Kb1 Rd2 50. Rd6+ Ke7 51. Kc1 Re2 52. Re6+ Kd7 53. Rxg6 Rxe5 54. Rg5 Kd6 55. Rxe5 1/2-1/2

[Event "Vladimir op-B"]
[Site "Vladimir"]
[Date "2009.08.24"]
[Round "5"]
[White "Radzhabov, Roman"]
[Black "Magrifin, Iljanur"]
[Result "0-1"]
[WhiteElo "2043"]
[BlackElo "2187"]
[PlyCount "100"]
[EventDate "2009.08.19"]
[EventType "swiss"]
[EventRounds "9"]
[EventCountry "RUS"]
[SourceTitle "EXT 2012"]
[Source "ChessBase"]
[SourceDate "2011.11.24"]
[SourceVersion "1"]
[SourceVersionDate "2011.11.24"]
[SourceQuality "1"]

1. e4 c5 2. c3 g6 3. d4 cxd4 4. cxd4 Bg7 5. Nc3 d6 6. Nf3 Nc6 7. h3 Nf6 8. Be3 0-0 9. d5 Nb8 10. Rc1 Nbd7 11. Nd4 Nc5 12. f3 a5 13. Be2 Re8 14. 0-0 Bd7 15. Nb3 Na4 16. Qd2 Nxc3 17. bxc3 a4 18. Nd4 Qa5 19. Rb1 Bc8 20. Rb5 Qd8 21. Rb4 Rf8 22. Bd1 a3 23. Ba4 Bd7 24. Bb3 Qc7 25. Qd3 Rfc8 26. Ne2 Be8 27. Bb6 Qb8 28. Bd4 Nd7 29. Bxg7 Kxg7 30. f4 Ra6 31. Bc4 Qa7+ 32. Qd4+ Qxd4+ 33. cxd4 Rb6 34. Rxb6 Nxb6 35. Bd3 Na4 36. Rc1 Rxc1+ 37. Nxc1 b5 38. Kf2 Nc3 39. Ke3 f5 40. exf5 Nxd5+ 41. Kf3 gxf5 42. Bxf5 Nc3 43. Be6 Bc6+ 44. Kf2 d5 45. Ke3 b4 46. Bf5 Bb5 47. Bd3 Bc4 48. Bxc4 dxc4 49. d5 Nxa2 50. Ne2 Nc3 0-1

[Event "Vladimir op-B"]
[Site "Vladimir"]
[Date "2009.08.21"]
[Round "3"]
[White "Krivonos, Nikolay"]
[Black "Magrifin, Iljanur"]
[Result "1-0"]
[WhiteElo "2294"]
[BlackElo "2187"]
[PlyCount "81"]
[EventDate "2009.08.19"]
[EventType "swiss"]
[EventRounds "9"]
[EventCountry "RUS"]
[SourceTitle "EXT 2012"]
[Source "ChessBase"]
[SourceDate "2011.11.24"]
[SourceVersion "1"]
[SourceVersionDate "2011.11.24"]
[SourceQuality "1"]

1. Nf3 c5 2. c4 g6 3. e3 Bg7 4. Nc3 Nf6 5. d4 0-0 6. Be2 cxd4 7. exd4 d5 8. b3 b6 9. 0-0 Bb7 10. h3 Nc6 11. Bb2 Rc8 12. Rc1 Rc7 13. c5 bxc5 14. Nb5 Rc8 15. Rxc5 a6 16. Nc3 e6 17. Na4 Ne4 18. Rc1 Bh6 19. Rc2 Nb4 20. Rxc8 Bxc8 21. a3 Nc6 22. Qc2 Qd6 23. b4 Bb7 24. Bd3 Qe7 25. Re1 Rc8 26. Qe2 Nb8 27. Nc5 Nd6 28. Bc1 Bg7 29. Bg5 Qc7 30. Nxa6 Nxa6 31. Bxa6 Nc4 32. Bxb7 Qxb7 33. Ra1 Qb5 34. Qd3 Ra8 35. Be7 Ra4 36. Nd2 e5 37. dxe5 Bxe5 38. Ra2 Ra8 39. Bc5 Bf6 40. Qxd5 Nb6 41. Qf3 1-0

[Event "Voronezh op-B 13th"]
[Site "Voronezh"]
[Date "2009.06.20"]
[Round "9"]
[White "Saiyn, Zhanat"]
[Black "Magrifin, Iljanur"]
[Result "0-1"]
[WhiteElo "1965"]
[BlackElo "2187"]
[PlyCount "70"]
[EventDate "2009.06.12"]
[EventType "swiss"]
[EventRounds "9"]
[EventCountry "RUS"]
[SourceTitle "CBM 130 Extra"]
[Source "ChessBase"]
[SourceDate "2009.07.02"]
[SourceVersion "2"]
[SourceVersionDate "2009.07.15"]
[SourceQuality "1"]

1. d4 Nf6 2. c4 g6 3. Nc3 Bg7 4. e4 0-0 5. Be3 d6 6. f3 c6 7. Bd3 a6 8. a4 a5 9. Nge2 Na6 10. Rc1 e5 11. d5 Bd7 12. g4 Nc5 13. Bc2 cxd5 14. cxd5 Rc8 15. Qd2 Qe7 16. Ng3 Kh8 17. h4 h5 18. gxh5 Nxh5 19. Nxh5 gxh5 20. Ke2 f5 21. Bh6 fxe4 22. Bxe4 Nb3 23. Qe3 Nxc1+ 24. Qxc1 Rg8 25. Rg1 Bf6 26. Bg5 Rg7 27. Bh6 Rxg1 28. Qxg1 Rg8 29. Qe3 Bxh4 30. Bd3 Bg5 31. Bxg5 Qxg5 32. Qe4 Rg7 33. Nb5 Qc1 34. Kf2 Qg1+ 35. Ke2 Rg2# 0-1

[Event "Togliatti AVTOVAZ CCC"]
[Site "Togliatti"]
[Date "2008.09.05"]
[Round "10"]
[White "Kirpichnikov, Vladimir V"]
[Black "Magrifin, Iljanur"]
[Result "0-1"]
[WhiteElo "2194"]
[BlackElo "2152"]
[PlyCount "64"]
[EventDate "2008.09.05"]
[EventType "tourn"]
[EventRounds "11"]
[EventCountry "RUS"]
[SourceTitle "EXT 2022"]
[Source "ChessBase"]
[SourceDate "2021.10.06"]
[SourceVersion "1"]
[SourceVersionDate "2021.10.06"]
[SourceQuality "1"]

1. d4 Nf6 2. c4 c5 3. d5 g6 4. Nc3 d6 5. g3 Bg7 6. Bg2 0-0 7. Nf3 a6 8. 0-0 e6 9. a4 exd5 10. cxd5 Nbd7 11. Nd2 Qc7 12. a5 Re8 13. h3 c4 14. Qa4 b5 15. axb6 Nxb6 16. Qa5 Nfd7 17. Nf3 Nc5 18. Na4 Ncxa4 19. Rxa4 Bd7 20. Ra3 Bb5 21. e3 c3 22. bxc3 Bxf1 23. Bxf1 Rec8 24. Bxa6 Bxc3 25. Qb5 Bf6 26. Bd2 Qc5 27. Bb4 Qxb5 28. Bxb5 Nxd5 29. Rxa8 Rxa8 30. Bxd6 h5 31. Kg2 Ra2 32. Bc4 Nxe3+ 0-1

[Event "Vladimir op-B"]
[Site "Vladimir"]
[Date "2008.08.16"]
[Round "5"]
[White "Magrifin, Iljanur"]
[Black "Buzukashvili, Sofia"]
[Result "1-0"]
[WhiteElo "2152"]
[BlackElo "1968"]
[PlyCount "65"]
[EventDate "2008.08.12"]
[EventType "swiss"]
[EventRounds "10"]
[EventCountry "RUS"]
[SourceTitle "CBM 126 Extra"]
[Source "ChessBase"]
[SourceDate "2008.11.05"]
[SourceVersion "1"]
[SourceVersionDate "2008.11.05"]
[SourceQuality "1"]

1. Nf3 Nf6 2. g3 e6 3. Bg2 Nc6 4. c4 Be7 5. Nc3 0-0 6. 0-0 d6 7. d4 e5 8. d5 Nb8 9. e4 a5 10. Ne1 Re8 11. Nd3 Na6 12. a3 Rb8 13. b4 axb4 14. axb4 c6 15. h3 Nc7 16. f4 Nd7 17. fxe5 Nxe5 18. Nxe5 dxe5 19. c5 Na6 20. Qb3 Bf6 21. Kh1 b6 22. dxc6 bxc5 23. b5 Qb6 24. Nd5 Qxb5 25. Qxb5 Rxb5 26. Rxf6 gxf6 27. Bf1 c4 28. Bxc4 Rxd5 29. exd5 Nb4 30. Ra4 Nc2 31. d6 Bf5 32. Ra7 Rf8 33. Bh6 1-0

[Event "Voronezh op-B"]
[Site "Voronezh"]
[Date "2008.06.20"]
[Round "9"]
[White "Magrifin, Iljanur"]
[Black "Semenova, Inna"]
[Result "1/2-1/2"]
[WhiteElo "2167"]
[BlackElo "2101"]
[PlyCount "70"]
[EventDate "2008.06.12"]
[EventType "swiss"]
[EventRounds "9"]
[EventCountry "RUS"]
[SourceTitle "CBM 125 Extra"]
[Source "ChessBase"]
[SourceDate "2008.09.01"]
[SourceVersion "1"]
[SourceVersionDate "2008.09.01"]
[SourceQuality "1"]

1. c4 c6 2. e4 d5 3. exd5 cxd5 4. cxd5 Nf6 5. d4 Nxd5 6. Nc3 Nc6 7. Bc4 e6 8. Nf3 Be7 9. 0-0 0-0 10. a3 a6 11. Qd3 b5 12. Ba2 Bb7 13. Nxd5 exd5 14. Bb1 g6 15. Bh6 Re8 16. Ba2 Bf6 17. Rfe1 Ne7 18. Bg5 Bxg5 19. Nxg5 h6 20. Nf3 Nf5 21. Rxe8+ Qxe8 22. Re1 Qd8 23. Qd2 Kg7 24. Qf4 Rc8 25. h3 Qf6 26. Bb1 Nd6 27. Qg4 Rc7 28. Qg3 Re7 29. Rxe7 Qxe7 30. Ne5 Qg5 31. Qc3 Bc8 32. Bxg6 fxg6 33. Qc7+ Kg8 34. Qxd6 Qc1+ 35. Kh2 Qf4+ 1/2-1/2